| 000 | 00603nam a2200229Ia 4500 | ||
|---|---|---|---|
| 003 | 0100 | ||
| 008 | 130303s9999 xx 000 0 und d | ||
| 020 | _a0060190426 | ||
| 040 | _cARRUPELIB | ||
| 050 | _aDS135.G3315F75 1997 | ||
| 100 | _aFriedlander, Saul | ||
| 245 | _aNazi Germany and the Jews | ||
| 245 | _bthe years of persecution, 1933-1939 | ||
| 260 | _aNew York | ||
| 260 | _bHarperCollins Publishers | ||
| 260 | _C1997 | ||
| 300 | _a436p. | ||
| 300 | _b 24cm | ||
| 650 | _bRossetti, Dante Gabriel-Friends and associates | ||
| 650 | _cPre-Raphaelitism-England | ||
| 942 |
_2lcc _01 |
||
| 999 |
_c58976 _d58976 |
||